00751nam a22002417a 450000500170000001000110001702000070002803500110003503700160004604000120006208200080007410000240008224501250010624600060023126000320023727000430026930000240031250000510033665000230038765000160041065000570042665000260048320170124105925.0 a113729 c00 a113729 bCen Lib/Ret aDPLbEN a090 aCollison, Robert L. aBook collecting :cby robert L. Collison ban introduction to modern methods of literary and bibliographical detection / b  bErnest Benn c1957aLondon  bLondon abouverie house, fleet street  axv, 244p.c18cm(Hb) aIncludes bibliographical references and index  aLiterary research  aTechniques  aसाहित्यिक अनुसंधान aतकनीकों